[Event "BCF-ch Seniors 65"]
[Site "Hull"]
[Date "2024.08.04"]
[Round "7"]
[White "Sheppard, Derek Alan"]
[Black "Tidmarsh, David A"]
[Result "1-0"]
[WhiteElo "1785"]
[BlackElo "1839"]
[PlyCount "39"]
[EventDate "2024.07.29"]
[EventType "swiss"]
[EventRounds "7"]
[EventCountry "ENG"]
[SourceTitle "CBM 221 Extra"]
[Source "ChessBase"]
[SourceDate "2024.09.30"]
[SourceVersion "1"]
[SourceVersionDate "2024.09.30"]
[SourceQuality "1"]

1. d4 d5 2. Nf3 Nf6 3. c4 e6 4. g3 b6 5. Bg2 Bb7 6. 0-0 Be7 7. Qc2 dxc4 8. Qxc4 Nbd7 9. Rd1 0-0 10. Nc3 c6 11. Bg5 Nd5 12. Bxe7 Qxe7 13. Rac1 Nxc3 14. Rxc3 c5 15. Qd3 Rfc8 16. Ng5 Qxg5 17. Bxb7 Rab8 18. Bxc8 Rxc8 19. dxc5 Nxc5 20. b4 1-0

[Event "BCF-ch Seniors 65"]
[Site "Hull"]
[Date "2024.07.31"]
[Round "3"]
[White "Tidmarsh, David A"]
[Black "De Coverly, Roger D"]
[Result "0-1"]
[WhiteElo "1839"]
[BlackElo "1902"]
[PlyCount "74"]
[EventDate "2024.07.29"]
[EventType "swiss"]
[EventRounds "7"]
[EventCountry "ENG"]
[SourceTitle "CBM 221 Extra"]
[Source "ChessBase"]
[SourceDate "2024.09.30"]
[SourceVersion "1"]
[SourceVersionDate "2024.09.30"]
[SourceQuality "1"]

1. e4 e5 2. Nf3 d6 3. Nc3 Nf6 4. d4 exd4 5. Nxd4 g6 6. f3 Bg7 7. Be3 0-0 8. Qd2 d5 9. Nb3 dxe4 10. fxe4 Qxd2+ 11. Nxd2 Re8 12. Be2 c6 13. h3 Nbd7 14. Bc4 b5 15. Bd3 a5 16. 0-0 a4 17. a3 h5 18. Rae1 Nh7 19. Re2 Ne5 20. Ref2 Be6 21. Be2 Nf8 22. Nd1 Nfd7 23. Kh1 Rab8 24. Rg1 Nc4 25. Nxc4 Bxc4 26. Bf3 Ne5 27. Bf4 Rb7 28. Bxe5 Bxe5 29. c3 Bg3 30. Rd2 Bf4 31. Rf2 h4 32. Be2 Bg3 33. Bxc4 Bxf2 34. Nxf2 bxc4 35. Rb1 Rd8 36. Kg1 Rd2 37. Kf1 Rbxb2 0-1

[Event "GBR-ch 65+ 106th"]
[Site "Torquay"]
[Date "2019.07.30"]
[Round "2"]
[White "Tidmarsh, David A"]
[Black "O'Brien, Paul W"]
[Result "1-0"]
[WhiteElo "1809"]
[BlackElo "1590"]
[PlyCount "79"]
[EventDate "2019.07.29"]
[EventType "swiss"]
[EventRounds "7"]
[EventCountry "ENG"]
[SourceTitle "EXT 2020"]
[Source "ChessBase"]
[SourceDate "2019.10.17"]
[SourceVersion "1"]
[SourceVersionDate "2019.10.17"]
[SourceQuality "1"]

1. e4 c5 2. Nf3 d6 3. d4 cxd4 4. Nxd4 Nf6 5. Nc3 g6 6. Be3 Bg7 7. f3 0-0 8. Qd2 Nc6 9. g4 Be6 10. h4 h5 11. gxh5 Nxh5 12. 0-0-0 Nxd4 13. Bxd4 Qa5 14. Bxg7 Kxg7 15. a3 Qe5 16. Bd3 Qf4 17. Qxf4 Nxf4 18. Ne2 Nxd3+ 19. Rxd3 Bc4 20. Rd2 Bxe2 21. Rxe2 Rh8 22. e5 dxe5 23. Rxe5 Kf6 24. Re4 Rad8 25. Rd1 Rxd1+ 26. Kxd1 Rd8+ 27. Ke2 Rd5 28. b4 Re5 29. Ke3 Rxe4+ 30. Kxe4 Ke6 31. c4 Kd6 32. f4 b6 33. Kd4 e6 34. c5+ bxc5+ 35. bxc5+ Kc6 36. Ke5 Kxc5 37. Kf6 Kc4 38. Kxf7 Kb3 39. Kxg6 Kxa3 40. h5 1-0

[Event "GBR-ch 65+ 106th"]
[Site "Torquay"]
[Date "2019.07.29"]
[Round "1"]
[White "Hewson, Brian Wr"]
[Black "Tidmarsh, David A"]
[Result "1-0"]
[WhiteElo "2035"]
[BlackElo "1809"]
[PlyCount "83"]
[EventDate "2019.07.29"]
[EventType "swiss"]
[EventRounds "7"]
[EventCountry "ENG"]
[SourceTitle "EXT 2020"]
[Source "ChessBase"]
[SourceDate "2019.10.17"]
[SourceVersion "1"]
[SourceVersionDate "2019.10.17"]
[SourceQuality "1"]

1. Nf3 d5 2. d4 Nf6 3. c4 dxc4 4. Nc3 e6 5. e4 a6 6. a4 h6 7. Bxc4 c5 8. 0-0 cxd4 9. Nxd4 Qc7 10. Qe2 Nbd7 11. h3 Be7 12. Be3 0-0 13. Rac1 Qb8 14. f4 Nc5 15. e5 Nfe4 16. Nxe4 Nxe4 17. Rfd1 Nc5 18. a5 Rd8 19. b4 Nd7 20. Qe1 Nf8 21. Bd3 Bd7 22. Be4 Ba4 23. Rd3 Rc8 24. Ra1 Be8 25. Rb3 Rc7 26. b5 axb5 27. Nxb5 Bxb5 28. Rxb5 Qc8 29. Rc1 Rxc1 30. Qxc1 Qxc1+ 31. Bxc1 Rd8 32. Be3 Bh4 33. Bf3 Rd3 34. Bf2 Bxf2+ 35. Kxf2 Nd7 36. Bxb7 Ra3 37. Bc8 Nf8 38. a6 f5 39. Rb6 Kf7 40. Rb7+ Ke8 41. Rxg7 Kd8 42. Bb7 1-0

[Event "BCF-ch Seniors"]
[Site "Aberystwyth"]
[Date "2014.07.31"]
[Round "6"]
[White "Tidmarsh, David A"]
[Black "Moore, Gillian A"]
[Result "1/2-1/2"]
[WhiteElo "1858"]
[BlackElo "1835"]
[PlyCount "80"]
[EventDate "2014.07.26"]
[EventType "swiss"]
[EventRounds "7"]
[EventCountry "WLS"]
[SourceTitle "EXT 2017"]
[Source "ChessBase"]
[SourceDate "2016.10.25"]
[SourceVersion "1"]
[SourceVersionDate "2016.10.25"]
[SourceQuality "1"]

1. e4 Nf6 2. e5 Nd5 3. d4 d6 4. Nf3 dxe5 5. Nxe5 c6 6. Be2 Nd7 7. Nxd7 Bxd7 8. 0-0 Qc7 9. c4 Nf4 10. Nc3 Nxe2+ 11. Nxe2 Bf5 12. Qb3 e6 13. Ng3 Bg6 14. Be3 Be7 15. a4 0-0 16. a5 f5 17. f4 h5 18. c5 Bf7 19. Qc3 Qd7 20. Rfd1 Bf6 21. b4 a6 22. Rd2 Rfd8 23. Nh1 Qe7 24. Re1 Rd5 25. Rd3 Rad8 26. Red1 Qd7 27. Nf2 h4 28. h3 Bh5 29. R1d2 Kh7 30. Kh2 Qc7 31. Kh1 Rg8 32. Nd1 Qe7 33. Nb2 Rdd8 34. Nc4 g5 35. Ne5 gxf4 36. Bxf4 Bg5 37. Rf2 Rg7 38. Rdd2 Rdg8 39. Qe3 Bxf4 40. Qxf4 Qg5 1/2-1/2

[Event "BCF-ch Seniors"]
[Site "Aberystwyth"]
[Date "2014.07.30"]
[Round "5"]
[White "Ellison, Derek George"]
[Black "Tidmarsh, David A"]
[Result "1-0"]
[WhiteElo "1955"]
[BlackElo "1858"]
[PlyCount "51"]
[EventDate "2014.07.26"]
[EventType "swiss"]
[EventRounds "7"]
[EventCountry "WLS"]
[SourceTitle "EXT 2017"]
[Source "ChessBase"]
[SourceDate "2016.10.25"]
[SourceVersion "1"]
[SourceVersionDate "2016.10.25"]
[SourceQuality "1"]

1. e4 d5 2. exd5 Qxd5 3. Nc3 Qa5 4. d4 c6 5. Nf3 Nf6 6. Bc4 Bg4 7. h3 Bxf3 8. Qxf3 e6 9. Bd2 Qc7 10. 0-0-0 Nbd7 11. Rhe1 0-0-0 12. g4 Nb6 13. Bb3 Bd6 14. g5 Nfd5 15. Ne4 Bf4 16. c4 Bxd2+ 17. Rxd2 Nf4 18. c5 Nbd5 19. Nd6+ Rxd6 20. cxd6 Qxd6 21. Bxd5 cxd5 22. Rc2+ Kb8 23. Kb1 Rf8 24. Rec1 f6 25. gxf6 Rxf6 26. Rc8# 1-0

[Event "Sunningdale e2e4 U2200 op 04"]
[Site "Sunningdale"]
[Date "2014.04.17"]
[Round "1"]
[White "Tidmarsh, David A"]
[Black "Watson, Darrell"]
[Result "1/2-1/2"]
[WhiteElo "1948"]
[BlackElo "1726"]
[PlyCount "103"]
[EventDate "2014.04.17"]
[EventType "swiss"]
[EventRounds "7"]
[EventCountry "ENG"]
[SourceTitle "EXT 2015"]
[Source "ChessBase"]
[SourceDate "2014.11.20"]
[SourceVersion "1"]
[SourceVersionDate "2014.11.20"]
[SourceQuality "1"]

1. e4 d6 2. d4 g6 3. Be3 Bg7 4. Nc3 Nf6 5. f3 0-0 6. Qd2 Nc6 7. g4 e5 8. d5 Nd4 9. Nce2 c5 10. c3 Nxe2 11. Nxe2 b5 12. Ng3 c4 13. h4 a5 14. a3 Qc7 15. Qh2 Bb7 16. h5 b4 17. g5 bxc3 18. bxc3 Nd7 19. h6 Bh8 20. Qd2 Ba6 21. Qf2 Rab8 22. Bh3 Rb3 23. Bxd7 Qxd7 24. Qc2 Rfb8 25. Bc1 a4 26. Nf1 f6 27. Ra2 fxg5 28. Bxg5 Rb1+ 29. Ke2 R8b3 30. Rh2 Qb7 31. Bc1 Qb6 32. Rg2 Qa5 33. Bd2 Bf6 34. Rg4 Bc8 35. Rg1 Qb5 36. Bc1 Bd8 37. Nd2 Bb6 38. Rg2 Bh3 39. Rh2 Rxc1 40. Qxc1 Qc5 41. Nxb3 cxb3 42. Rxh3 Qf2+ 43. Kd3 bxa2 44. Rh1 Qxf3+ 45. Kc4 Qe2+ 46. Kb4 Bc5+ 47. Ka5 Qxe4 48. Qd1 Qc4 49. Qxa4 Qxc3+ 50. Ka6 Qd3+ 51. Ka5 Qd2+ 52. Ka6 1/2-1/2

[Event "BCF-ch Senior"]
[Site "North Shields"]
[Date "2012.08.02"]
[Round "6.18"]
[White "Tidmarsh, David A"]
[Black "Plater, Ronald"]
[Result "0-1"]
[WhiteElo "2015"]
[BlackElo "1900"]
[PlyCount "65"]
[EventDate "2012.07.28"]
[EventType "swiss"]
[EventRounds "7"]
[EventCountry "ENG"]
[SourceTitle "EXT 2023"]
[Source "ChessBase"]
[SourceDate "2022.10.05"]
[SourceVersion "1"]
[SourceVersionDate "2022.10.05"]
[SourceQuality "1"]

1. e4 c6 2. d4 d5 3. e5 Bf5 4. Nd2 e6 5. Nb3 Nd7 6. Nf3 Bg6 7. Be2 Ne7 8. 0-0 Nf5 9. Bf4 Be7 10. Bd3 0-0 11. Qd2 Nh4 12. Nxh4 Bxh4 13. Be3 Bxd3 14. cxd3 f5 15. f4 Be7 16. Rac1 Rf7 17. Kh1 g6 18. Qf2 h6 19. Nc5 Bxc5 20. dxc5 g5 21. g3 Rh7 22. Qd2 g4 23. b4 Nf8 24. Qb2 a6 25. a4 h5 26. Bf2 Ng6 27. Be1 h4 28. gxh4 Nxh4 29. Bxh4 Qxh4 30. Rc2 Kh8 31. b5 Qh3 32. Rg2 Qxd3 33. bxc6 0-1

[Event "BCF-ch Senior"]
[Site "North Shields"]
[Date "2012.07.29"]
[Round "2.15"]
[White "Tidmarsh, David A"]
[Black "Cresswell, Mike J"]
[Result "1/2-1/2"]
[WhiteElo "2015"]
[BlackElo "1833"]
[PlyCount "36"]
[EventDate "2012.07.28"]
[EventType "swiss"]
[EventRounds "7"]
[EventCountry "ENG"]
[SourceTitle "EXT 2023"]
[Source "ChessBase"]
[SourceDate "2022.10.05"]
[SourceVersion "1"]
[SourceVersionDate "2022.10.05"]
[SourceQuality "1"]

1. e4 Nf6 2. e5 Nd5 3. d4 d6 4. Nf3 Bg4 5. exd6 exd6 6. Be2 Be7 7. 0-0 Nf6 8. c4 0-0 9. Nc3 c6 10. Be3 Nbd7 11. Qc2 Re8 12. h3 Bh5 13. Nd2 Bxe2 14. Nxe2 Nf8 15. Ng3 Ng6 16. Nf3 h6 17. Rfe1 Bf8 18. Bd2 Qd7 1/2-1/2

[Event "GBR-ch Seniors"]
[Site "Edinburgh"]
[Date "2003.07.30"]
[Round "5"]
[White "Tidmarsh, David A"]
[Black "Smith, David"]
[Result "1/2-1/2"]
[WhiteElo "1696"]
[BlackElo "1712"]
[PlyCount "60"]
[EventDate "2003.07.26"]
[EventType "swiss"]
[EventRounds "7"]
[EventCountry "SCO"]
[SourceTitle "EXT 2007"]
[Source "ChessBase"]
[SourceDate "2006.11.23"]
[SourceVersion "1"]
[SourceVersionDate "2006.11.23"]
[SourceQuality "1"]

1. e4 d6 2. d4 Nf6 3. Nc3 g6 4. Bc4 c6 5. Bb3 Bg7 6. f3 Qc7 7. Be3 b5 8. a3 Nbd7 9. Nge2 a6 10. Qd2 Bb7 11. Nd1 c5 12. c3 e5 13. d5 c4 14. Bc2 Nc5 15. Nf2 h5 16. h4 Bc8 17. a4 bxa4 18. Bxa4+ Nxa4 19. Rxa4 Bd7 20. Ra2 0-0 21. Bh6 Qd8 22. Bxg7 Kxg7 23. Kd1 Qb6 24. Nc1 a5 25. Ke2 a4 26. Ra3 Rfb8 27. Nd1 Rb7 28. Na2 Rab8 29. Nb4 Be8 30. Ne3 Bd7 1/2-1/2

[Event "GBR-ch Seniors"]
[Site "Edinburgh"]
[Date "2003.07.26"]
[Round "1"]
[White "Toothill, John A"]
[Black "Tidmarsh, David A"]
[Result "1-0"]
[WhiteElo "1984"]
[BlackElo "1696"]
[PlyCount "43"]
[EventDate "2003.07.26"]
[EventType "swiss"]
[EventRounds "7"]
[EventCountry "SCO"]
[SourceTitle "EXT 2007"]
[Source "ChessBase"]
[SourceDate "2006.11.23"]
[SourceVersion "1"]
[SourceVersionDate "2006.11.23"]
[SourceQuality "1"]

1. e4 d5 2. exd5 Qxd5 3. Nc3 Qa5 4. d4 Nf6 5. Nf3 Bf5 6. Bc4 e6 7. 0-0 c6 8. Bf4 Bb4 9. Ne2 Nbd7 10. c3 Be7 11. Ng3 Bg6 12. Re1 Nd5 13. Bg5 Bxg5 14. Nxg5 Nxc3 15. Qd2 b5 16. Bxe6 fxe6 17. Rxe6+ Kf8 18. Rxc6 Nf6 19. bxc3 h6 20. Ne6+ Kg8 21. Qf4 Nd5 22. Qe5 1-0